| 000 | 00652nam a2200157 i 4500 | ||
|---|---|---|---|
| 001 | 179301 | ||
| 003 | ES-MaACL | ||
| 005 | 20230906220737.0 | ||
| 008 | 111025s1873 it l |||| | ita d | ||
| 245 | 0 | 0 | _aLegge e regolamenti per l'ordinamento del personale addetto alla custodia degli stabilimenti carcerari ed articoli dei codici, penale e di procedura penale relativi alla custodia dei detenuti. |
| 260 |
_aRoma : _b[s.n.], _c1873. |
||
| 300 |
_a88 p. ; _c25 cm. |
||
| 650 | 4 |
_aEstablecimientos penitenciarios- _xPersonal. _9150562 |
|
| 650 | 4 |
_aEstablecimientos penitenciarios- _zItalia. _9141897 |
|
| 852 |
_aES-MaACL _jD-89(7) _z.- Donativo Lastres |
||
| 999 |
_c179301 _d179301 |
||